CLEMENT OF ALEXANDRIA AND A SECRET GOSPEL OF MARK (Record no. 213836)

MARC details
000 -LEADER
fixed length control field 00519nam a22001577a 4500
008 - FIXED-LENGTH DATA ELEMENTS--GENERAL INFORMATION
fixed length control field 241115b |||||||| |||| 00| 0 eng d
050 ## - LIBRARY OF CONGRESS CALL NUMBER
Classification number BS 2860.S66 1973
100 ## - MAIN ENTRY--PERSONAL NAME
Personal name SMITH MORTON
245 ## - TITLE STATEMENT
Title CLEMENT OF ALEXANDRIA AND A SECRET GOSPEL OF MARK
260 ## - PUBLICATION, DISTRIBUTION, ETC.
Place of publication, distribution, etc. MASSACHUSETTS
Name of publisher, distributor, etc. HARVARD UNIVERSITY
Date of publication, distribution, etc. 1973
300 ## - PHYSICAL DESCRIPTION
Extent X,452P.
500 ## - GENERAL NOTE
General note INCLUDES INDEX
650 ## - SUBJECT ADDED ENTRY
Topical term or geographic name entry element Clement, of Alexandria, Saint, approximately 150-approximately 215. Secret Gospel according to Mark.
942 ## - ADDED ENTRY ELEMENTS (KOHA)
Source of classification or shelving scheme Library of Congress Classification
Koha item type Long Loan Book
Holdings
Withdrawn status Lost status Source of classification or shelving scheme Damaged status Not for loan Collection Home library Current library Shelving location Date acquired Inventory number Total checkouts Barcode Date last seen Copy number Price effective from Koha item type
    Library of Congress Classification     Arts & Social Sciences Kisii University Library Kisii University Library On Display 11/15/2024 102202   000000016533 11/15/2024 C.1 11/15/2024 Long Loan Book